Benchmarking in the rural sector (Record no. 121466)

MARC details
000 -LEADER
fixed length control field 01597nam a22002897a 4500
001 - CONTROL NUMBER
control field 121466
008 - FIXED-LENGTH DATA ELEMENTS--GENERAL INFORMATION
fixed length control field 230412s2023 xxk|||||o|||| 00| 0 eng d
020 ## - INTERNATIONAL STANDARD BOOK NUMBER
ISBN 9781783214570
041 ## - LANGUAGE CODE
Language code of text/sound track or separate title eng
100 ## - MAIN ENTRY--PERSONAL NAME
Personal author Bailey, Ian
110 ## - MAIN ENTRY--CORPORATE NAME
Corporate author Royal Institution of Chartered Surveyors
245 ## - TITLE STATEMENT
Title Benchmarking in the rural sector
Medium [Electronic resource]
250 ## - EDITION
Edition statement 1st
260 ## - PUBLICATION INFORMATION
Place of publication London,
Publisher Royal Institution of Chartered Surveyors,
Date April 2022
490 ## - SERIES TITLE
Series statement RICS Insight
520 ## - ABSTRACT
Abstract This Insight paper provides a holistic overview of benchmarking, its applicability to the rural sector and provides an insight into available tools and what some in the sector are currently measuring and benchmarking with some real-life case study examples. Preliminary research for this Insight paper indicates that the current use of benchmarking tools is inconsistent across the rural sector. One of the key findings of the paper itself highlights the clear need for some consistency in benchmarking performance of rural estates and rural land-based businesses, which often have a diverse range of assets and income streams, coupled with diverse ownership motives, which RICS will be further exploring.
650 ## - KEYWORDS
Keywords BENCHMARKING
650 ## - KEYWORDS
Keywords ESTATE MANAGEMENT
650 ## - KEYWORDS
Keywords FORESTRY
650 ## - KEYWORDS
Keywords RURAL LAND
651 ## - SUBJECT ADDED ENTRY--GEOGRAPHIC NAME
Geographic name United Kingdom
690 ## - BROAD SUBJECT
9 (RLIN) 6268
Broad subject Rural
700 ## - ADDED PERSONAL NAME
Added personal author Bailey, Ian
710 ## - ADDED CORPORATE NAME
Added corporate author Royal Institution of Chartered Surveyors
856 ## - ONLINE RESOURCE
Uniform Resource Identifier <a href="https://www.rics.org/news-insights/research-and-insights/benchmarking-in-the-rural-sector">https://www.rics.org/news-insights/research-and-insights/benchmarking-in-the-rural-sector</a>
Public note Available free on RICS.org
942 ## - ADDED ENTRY ELEMENTS (KOHA)
Suppress in OPAC Do not suppress in OPAC
Holdings
Lost status Damaged status Not for loan Current library Shelving location Date acquired Total Checkouts Full call number Date last seen Price effective from Koha item type
      Virtual Online 12/04/2023   ONLINE PUBLICATION 12/04/2023 12/04/2023 Online material